000
00275nam a2200121Ia 4500
008
190216s9999||||xx |||||||||||||| ||und||
100
_a
Nadeem S H
245
0
_a
Mruthyunjayam
260
_b
Poorna Pubs Kozhikode
300
_a
151p
650
_a
Malayalam Novel
942
_c
BK
999
_c
26320
_d
26320